[Event "29. Abierto Ciudad de Sevilla"]
[Site "Sevilla ESP"]
[Date "2004.01.14"]
[Round "6.21"]
[White "Estremera Paños, Sergio"]
[Black "Hidalgo Begines, Pablo"]
[Result "0-1"]
[WhiteElo "2353"]
[BlackElo "2102"]
[PlyCount "138"]
[EventDate "2004.01.09"]
[EventType "swiss"]
[EventRounds "9"]
[EventCountry "ESP"]
[Source "lmi"]
[SourceDate "2004.01.17"]

1. d4 Nf6 2. c4 c5 3. e3 cxd4 4. exd4 d5 5. Nc3 e6 6. Nf3 Be7 7. cxd5 exd5 8.
Bd3 O-O 9. O-O Bg4 10. h3 Bh5 11. g4 Bg6 12. Ne5 Nc6 13. Be3 Bd6 14. f4 Bxd3
15. Qxd3 Nb4 16. Qb1 Re8 17. a3 Nc6 18. Qd3 Qc8 19. Kg2 Qe6 20. Rae1 Rad8 21.
Bg1 Bc7 22. f5 Qc8 23. Bh2 Ne4 24. Nxc6 bxc6 25. Bxc7 Qxc7 26. Nxe4 dxe4 27.
Rxe4 Rxe4 28. Qxe4 Qb6 29. b4 h6 30. Rd1 Qa6 31. Rd3 Qc4 32. Qe3 Qd5+ 33. Qf3
Qc4 34. Qe3 Qd5+ 35. Kg3 h5 36. Rc3 hxg4 37. hxg4 Qd7 38. Qe5 Re8 39. Qf4 Qd5
40. Re3 Rxe3+ 41. Qxe3 a6 42. Qe8+ Kh7 43. Qe3 f6 44. Kf2 Qa2+ 45. Kf3 Qd5+ 46.
Kg3 Qd6+ 47. Qf4 Qd5 48. g5 fxg5 49. Qxg5 Qb3+ 50. Kh4 Qc3 51. Qg6+ Kh8 52.
Qe8+ Kh7 53. Qe4 Kg8 54. f6 gxf6 55. Qg6+ Kf8 56. Qxf6+ Ke8 57. Qd6 Kf7 58. Kg5
Ke8 59. Qc5 Qxa3 60. Qxc6+ Kd8 61. Qd6+ Kc8 62. Kf6 Qf3+ 63. Ke6 Qe4+ 64. Kf6
Qh4+ 65. Kf5 Qh3+ 66. Ke5 Qh5+ 67. Ke6 Qg6+ 68. Kd5 Qf5+ 69. Kc6 Qb5# 0-1

[Event "29. Abierto Ciudad de Sevilla"]
[Site "Sevilla ESP"]
[Date "2004.01.15"]
[Round "7.2"]
[White "Rodriguez Guerrero, Enrique"]
[Black "Korneev, Oleg"]
[Result "0-1"]
[WhiteElo "2391"]
[BlackElo "2566"]
[PlyCount "50"]
[EventDate "2004.01.09"]
[EventType "swiss"]
[EventRounds "9"]
[EventCountry "ESP"]
[Source "lmi"]
[SourceDate "2004.01.17"]

1. e4 c5 2. Nf3 d6 3. d4 cxd4 4. Nxd4 Nf6 5. Nc3 a6 6. Be2 e5 7. Nb3 Be7 8. Be3
O-O 9. g4 Be6 10. g5 Nfd7 11. Qd2 a5 12. f4 exf4 13. Bxf4 Nc6 14. Nd5 Nde5 15.
O-O-O Bxd5 16. exd5 a4 17. Na1 Na5 18. h4 Nac4 19. Qd4 b5 20. Rdg1 Qd7 21. b3
axb3 22. axb3 Qf5 23. Rf1 Qe4 24. Bxe5 dxe5 25. Qc3 Qe3+ 0-1

[Event "29. Abierto Ciudad de Sevilla"]
[Site "Sevilla ESP"]
[Date "2004.01.15"]
[Round "7.4"]
[White "Franco Ocampos, Zenon"]
[Black "Khamrakulov, Ibragim S"]
[Result "1/2-1/2"]
[WhiteElo "2524"]
[BlackElo "2452"]
[PlyCount "81"]
[EventDate "2004.01.09"]
[EventType "swiss"]
[EventRounds "9"]
[EventCountry "ESP"]
[Source "lmi"]
[SourceDate "2004.01.17"]

1. c4 Nf6 2. Nc3 d5 3. cxd5 Nxd5 4. g3 Nb6 5. Bg2 e5 6. Nf3 Nc6 7. d3 Be7 8.
O-O O-O 9. a3 Be6 10. b4 f6 11. Be3 Nd5 12. Nxd5 Bxd5 13. Qc2 Qd7 14. Rfc1 Bd6
15. Bc5 a6 16. Rab1 Kh8 17. a4 Rfc8 18. b5 axb5 19. axb5 Ne7 20. e4 Ba2 21. Ra1
Be6 22. Rxa8 Rxa8 23. Bxd6 cxd6 24. Qb2 Ra5 25. Rb1 d5 26. Qb4 b6 27. Nd2 h6
28. exd5 Nxd5 29. Qf8+ Kh7 30. Nc4 Nc3 31. Nxa5 Nxb1 32. Qb4 bxa5 33. Qxb1 a4
34. b6 a3 35. b7 a2 36. b8=Q axb1=Q+ 37. Qxb1 Qd4 38. h4 Bc8 39. Qc2 Bf5 40.
Be4 Bxe4 41. dxe4 1/2-1/2

[Event "29. Abierto Ciudad de Sevilla"]
[Site "Sevilla ESP"]
[Date "2004.01.15"]
[Round "7.5"]
[White "Matamoros Franco, Carlos S"]
[Black "Strikovic, Aleksa"]
[Result "1/2-1/2"]
[WhiteElo "2490"]
[BlackElo "2524"]
[PlyCount "138"]
[EventDate "2004.01.09"]
[EventType "swiss"]
[EventRounds "9"]
[EventCountry "ESP"]
[Source "lmi"]
[SourceDate "2004.01.17"]

1. c4 e5 2. g3 Nf6 3. Bg2 d6 4. Nc3 g6 5. Nf3 Bg7 6. d4 Nbd7 7. O-O O-O 8. e4
c6 9. b3 Re8 10. h3 a5 11. Re1 exd4 12. Nxd4 Nc5 13. Rb1 Bd7 14. Bf4 Qb6 15.
Bxd6 Nfxe4 16. Bxe4 Nxe4 17. Rxe4 Rxe4 18. Nxe4 Qxd4 19. Qxd4 Bxd4 20. Rd1 Bg7
21. Bb8 Rxb8 22. Rxd7 b5 23. Nd6 bxc4 24. Nxc4 a4 25. bxa4 Rb4 26. Rd8+ Bf8 27.
Ne5 Kg7 28. Rd7 Rxa4 29. Nxf7 h5 30. Nd8+ Kg8 31. Ne6 Bh6 32. Rc7 Rxa2 33. Rxc6
Rd2 34. Ng5 Kg7 35. Rc7+ Kg8 36. Ne4 Rd1+ 37. Kg2 Bg7 38. Rc6 Kh7 39. Ng5+ Kh6
40. Nf3 Kh7 41. Ng5+ Kh6 42. h4 Rd7 43. f4 Rd5 44. Kf3 Rf5 45. Rc7 Rf6 46. Rd7
Ra6 47. Ke4 Ra4+ 48. Kf3 Ra3+ 49. Kg2 Ra6 50. Rb7 Rc6 51. Kf3 Rc3+ 52. Kg2 Rc6
53. Kf2 Ra6 54. Ke2 Ra2+ 55. Kf3 Ra3+ 56. Kg2 Ra6 57. Rf7 Ra2+ 58. Kh3 Ra6 59.
Re7 Rb6 60. Kg2 Ra6 61. Kf1 Ra1+ 62. Ke2 Ra2+ 63. Kd1 Ra1+ 64. Kc2 Ra2+ 65. Kb3
Rg2 66. Ne4 Rb2+ 67. Kc4 Rb6 68. Ng5 Ra6 69. Kd5 Rb6 1/2-1/2

[Event "29. Abierto Ciudad de Sevilla"]
[Site "Sevilla ESP"]
[Date "2004.01.15"]
[Round "7.6"]
[White "Barria, Daniel"]
[Black "Paunovic, Dragan"]
[Result "1/2-1/2"]
[WhiteElo "2351"]
[BlackElo "2517"]
[PlyCount "87"]
[EventDate "2004.01.09"]
[EventType "swiss"]
[EventRounds "9"]
[EventCountry "ESP"]
[Source "lmi"]
[SourceDate "2004.01.17"]

1. e4 c5 2. Nf3 e6 3. d4 a6 4. c3 d5 5. e5 Bd7 6. Be2 cxd4 7. cxd4 Bb5 8. Nc3
Bxe2 9. Nxe2 Nc6 10. O-O Nge7 11. Ng3 g6 12. Bg5 Bg7 13. Qd2 h6 14. Be3 Qa5 15.
Qxa5 Nxa5 16. Rfc1 Kd7 17. b3 Rhc8 18. Ne1 Rxc1 19. Rxc1 Rc8 20. Rxc8 Nxc8 21.
Ne2 h5 22. f4 Bf8 23. g3 Nc6 24. Nc2 Nb4 25. Nxb4 Bxb4 26. Kf2 Na7 27. Bc1 Nc6
28. Ke3 Be7 29. Bd2 Ke8 30. h3 Bd8 31. Bc3 f5 32. exf6 Bxf6 33. g4 hxg4 34.
hxg4 Kf7 35. Ng1 g5 36. Nf3 Kg6 37. fxg5 Bxg5+ 38. Ke2 Be7 39. Bd2 b5 40. Kd3
Bd8 41. Ke2 Bf6 42. Kd3 Bd8 43. Ke2 Bf6 44. Kd3 1/2-1/2

[Event "29. Abierto Ciudad de Sevilla"]
[Site "Sevilla ESP"]
[Date "2004.01.15"]
[Round "7.7"]
[White "Perez, Rodney"]
[Black "Campora, Daniel Hugo"]
[Result "0-1"]
[WhiteElo "2458"]
[BlackElo "2503"]
[PlyCount "46"]
[EventDate "2004.01.09"]
[EventType "swiss"]
[EventRounds "9"]
[EventCountry "ESP"]
[Source "lmi"]
[SourceDate "2004.01.17"]

1. e4 e5 2. Nf3 Nc6 3. Bc4 Bc5 4. c3 Nf6 5. d3 a6 6. O-O Ba7 7. Bb3 d6 8. Re1
Be6 9. Bxe6 fxe6 10. Qb3 Qc8 11. Be3 Bxe3 12. Rxe3 O-O 13. Nbd2 Qd7 14. h3 Rae8
15. d4 exd4 16. cxd4 Nd8 17. Rc1 Nh5 18. d5 Kh8 19. e5 exd5 20. Qxd5 Nf4 21.
Qc4 dxe5 22. Qxc7 Qxc7 23. Rxc7 Nd5 0-1

[Event "29. Abierto Ciudad de Sevilla"]
[Site "Sevilla ESP"]
[Date "2004.01.15"]
[Round "7.9"]
[White "Ivanov, Jordan"]
[Black "Cheparinov, Ivan"]
[Result "0-1"]
[WhiteElo "2406"]
[BlackElo "2550"]
[PlyCount "82"]
[EventDate "2004.01.09"]
[EventType "swiss"]
[EventRounds "9"]
[EventCountry "ESP"]
[Source "lmi"]
[SourceDate "2004.01.17"]

1. d4 Nf6 2. c4 e6 3. Nc3 c5 4. d5 exd5 5. cxd5 d6 6. e4 g6 7. f4 Bg7 8. Bb5+
Nbd7 9. e5 dxe5 10. fxe5 Nh5 11. e6 Qh4+ 12. Kd2 fxe6 13. dxe6 O-O 14. exd7
Bxd7 15. Bxd7 Rf2+ 16. Nge2 Rd8 17. Qb3+ c4 18. Qb5 Kh8 19. Rd1 Nf4 20. g3
Bxc3+ 21. Kxc3 Nxe2+ 22. Kb4 Qf6 23. Bg5 Qxb2+ 24. Kc5 Qe5+ 25. Kb4 a5+ 26.
Kxa5 Ra8+ 27. Kb6 Qb8 28. Qb2+ c3 29. Qb3 Nd4 30. Qd5 Qa7+ 31. Kc7 b5+ 32. Kd6
Qb6+ 33. Bc6 Nf5+ 34. Ke6 Ng7+ 35. Kd6 Ne8+ 36. Ke7 Qc7+ 37. Bd7 Qd8+ 38. Ke6
Re2+ 39. Kf7 Nd6+ 40. Qxd6 Qg8+ 41. Kf6 Qg7# 0-1

[Event "29. Abierto Ciudad de Sevilla"]
[Site "Sevilla ESP"]
[Date "2004.01.15"]
[Round "7.10"]
[White "Teran Alvarez, Ismael"]
[Black "Suba, Mihai"]
[Result "1-0"]
[WhiteElo "2382"]
[BlackElo "2522"]
[PlyCount "83"]
[EventDate "2004.01.09"]
[EventType "swiss"]
[EventRounds "9"]
[EventCountry "ESP"]
[Source "lmi"]
[SourceDate "2004.01.17"]

1. e4 c5 2. Nf3 d6 3. d4 cxd4 4. Nxd4 Nf6 5. Nc3 e6 6. Be3 Be7 7. f3 Nc6 8. Qd2
a6 9. g4 h6 10. O-O-O Nxd4 11. Bxd4 e5 12. Be3 Be6 13. h4 Rc8 14. Bh3 Qa5 15.
g5 hxg5 16. Bxe6 fxe6 17. hxg5 Nh5 18. f4 exf4 19. Bxf4 g6 20. Kb1 e5 21. Be3
Rxc3 22. bxc3 Rf8 23. Ka1 Ng3 24. Rh4 Rf1 25. Rxf1 Nxf1 26. Qd3 Nxe3 27. Qxe3
Bxg5 28. Rh8+ Kf7 29. Qh3 Bf4 30. Rh7+ Kf6 31. Rxb7 Kg5 32. Rh7 Kf6 33. Rd7 Kg5
34. Rxd6 Qa3 35. Qg2+ Kh4 36. Qh1+ Kg5 37. Qg1+ Kh4 38. Rd3 Qe7 39. Qg2 Qe6 40.
Rd1 Qg4 41. Qxg4+ Kxg4 42. c4 1-0

[Event "29. Abierto Ciudad de Sevilla"]
[Site "Sevilla ESP"]
[Date "2004.01.15"]
[Round "7.11"]
[White "Perez Pardo, Juan C"]
[Black "Veingold, Aleksandr"]
[Result "0-1"]
[WhiteElo "2335"]
[BlackElo "2478"]
[PlyCount "78"]
[EventDate "2004.01.09"]
[EventType "swiss"]
[EventRounds "9"]
[EventCountry "ESP"]
[Source "lmi"]
[SourceDate "2004.01.17"]

1. c4 e5 2. Nc3 Nf6 3. g3 Bb4 4. Bg2 O-O 5. Nf3 e4 6. Ng5 Bxc3 7. bxc3 Re8 8.
d3 exd3 9. Qxd3 Qe7 10. Bd5 Rf8 11. Be3 Nc6 12. f4 d6 13. Bxc6 bxc6 14. Bd4 g6
15. O-O c5 16. Bxf6 Qxf6 17. Rab1 Re8 18. e4 h6 19. Nf3 Qe6 20. Rfe1 Ba6 21.
Nd2 Rab8 22. Rb3 Rb6 23. Ra3 Kg7 24. Ra4 Qc8 25. Rb1 Qb7 26. Rb3 Re7 27. Ra5
Qc8 28. Raa3 Qa8 29. Rxb6 cxb6 30. Qd5 Qc8 31. f5 Bb7 32. Qd3 gxf5 33. exf5 Qe8
34. Rxa7 Re3 35. f6+ Kxf6 36. Qf1+ Kg7 37. Rxb7 Re1 38. Qxe1 Qxe1+ 39. Nf1 Qc1
0-1

[Event "29. Abierto Ciudad de Sevilla"]
[Site "Sevilla ESP"]
[Date "2004.01.15"]
[Round "7.12"]
[White "Hidalgo Begines, Pablo"]
[Black "Tissir, Mohamed"]
[Result "0-1"]
[WhiteElo "2102"]
[BlackElo "2436"]
[PlyCount "106"]
[EventDate "2004.01.09"]
[EventType "swiss"]
[EventRounds "9"]
[EventCountry "ESP"]
[Source "lmi"]
[SourceDate "2004.01.17"]

1. d4 e6 2. c4 c5 3. e3 Nf6 4. Nc3 cxd4 5. exd4 d5 6. cxd5 Nxd5 7. Nxd5 Qxd5 8.
Nf3 Nc6 9. Be2 Bb4+ 10. Bd2 Qa5 11. a3 Bxd2+ 12. Qxd2 Qxd2+ 13. Kxd2 Ke7 14.
Rhd1 Rd8 15. Ke3 f6 16. Bb5 Bd7 17. d5 exd5 18. Rxd5 a6 19. Bxc6 Bxc6 20. Rxd8
Rxd8 21. Nd4 Bd7 22. Rc1 Kd6 23. f3 Re8+ 24. Kf2 Re5 25. Rc2 Rh5 26. h3 Rd5 27.
Ke3 Re5+ 28. Kf2 h5 29. h4 Rd5 30. Ke3 g5 31. g3 Re5+ 32. Kf2 Rd5 33. Ke3 a5
34. f4 a4 35. Rd2 gxh4 36. gxh4 Kc5 37. Rc2+ Kb6 38. Rg2 Bg4 39. Rd2 Rd8 40.
Nc2 Re8+ 41. Kd4 Bf5 42. Rf2 Rd8+ 43. Ke3 Rd3+ 44. Ke2 Rb3 45. Nd4 Rxb2+ 46.
Ke3 Rxf2 47. Kxf2 Bd7 48. Ke3 Kc5 49. Kd3 Kd5 50. Nf3 Bf5+ 51. Ke3 Kc4 52. Nd4
Bd7 53. Ke4 b5 0-1

[Event "29. Abierto Ciudad de Sevilla"]
[Site "Sevilla ESP"]
[Date "2004.01.15"]
[Round "7.13"]
[White "Razmyslov, Alexander"]
[Black "Saldaño, Horacio"]
[Result "1/2-1/2"]
[WhiteElo "2337"]
[BlackElo "2424"]
[PlyCount "73"]
[EventDate "2004.01.09"]
[EventType "swiss"]
[EventRounds "9"]
[EventCountry "ESP"]
[Source "lmi"]
[SourceDate "2004.01.17"]

1. e4 c5 2. Nc3 e6 3. Nf3 Nc6 4. Bb5 Nd4 5. Bc4 Nf6 6. O-O a6 7. Re1 d6 8. a4
Be7 9. Nxd4 cxd4 10. Nb1 O-O 11. d3 d5 12. exd5 exd5 13. Bb3 Bg4 14. f3 Be6 15.
Nd2 Bd6 16. Nf1 Nd7 17. c3 dxc3 18. bxc3 Qc7 19. Bd2 Nc5 20. Bc2 Bf5 21. Be3
Ne6 22. d4 Bxc2 23. Qxc2 Rfc8 24. Qf5 Qd7 25. Bd2 Nf8 26. Ne3 Qxf5 27. Nxf5 Rd8
28. Rab1 b5 29. axb5 axb5 30. Rxb5 Ra2 31. Rxd5 Rxd2 32. Rxd6 Ra8 33. Ne7+ Kh8
34. Nc6 Raa2 35. Rd8 Rxg2+ 36. Kh1 Rxh2+ 37. Kg1 1/2-1/2

[Event "29. Abierto Ciudad de Sevilla"]
[Site "Sevilla ESP"]
[Date "2004.01.15"]
[Round "7.15"]
[White "Castellanos Rodriguez, Renier"]
[Black "Desanjose Candalija, Eduardo"]
[Result "1-0"]
[WhiteElo "2438"]
[BlackElo "2155"]
[PlyCount "47"]
[EventDate "2004.01.09"]
[EventType "swiss"]
[EventRounds "9"]
[EventCountry "ESP"]
[Source "lmi"]
[SourceDate "2004.01.17"]

1. e4 e6 2. d4 d5 3. Nc3 Bb4 4. e5 Ne7 5. a3 Bxc3+ 6. bxc3 c5 7. Qg4 O-O 8. Bd3
Nbc6 9. Qh5 Ng6 10. Nf3 Qc7 11. Be3 Nce7 12. h4 Bd7 13. Qg4 f5 14. Qh3 cxd4 15.
cxd4 Bb5 16. O-O Bxd3 17. cxd3 Nh8 18. h5 Nf7 19. h6 g6 20. Rfc1 Qa5 21. Rab1
Nd8 22. Bd2 Qa6 23. Bb4 Ndc6 24. Bxe7 1-0

[Event "29. Abierto Ciudad de Sevilla"]
[Site "Sevilla ESP"]
[Date "2004.01.15"]
[Round "7.16"]
[White "Gonzalez Custodio, Rafael"]
[Black "Movsziszian, Karen"]
[Result "0-1"]
[WhiteElo "2186"]
[BlackElo "2497"]
[PlyCount "86"]
[EventDate "2004.01.09"]
[EventType "swiss"]
[EventRounds "9"]
[EventCountry "ESP"]
[Source "lmi"]
[SourceDate "2004.01.17"]

1. Nf3 f5 2. b3 d6 3. d4 Nf6 4. Bb2 g6 5. g3 Bg7 6. Bg2 O-O 7. O-O Qe8 8. c4
Na6 9. Nbd2 Rb8 10. Re1 b5 11. cxb5 Qxb5 12. e3 Bb7 13. Bf1 Qd7 14. Rc1 Nb4 15.
a3 Nbd5 16. Qc2 Kh8 17. Bg2 a5 18. Nc4 Ra8 19. Nfd2 Ra7 20. Nb1 g5 21. Nc3 e6
22. Nxd5 Bxd5 23. Bxd5 exd5 24. Nd2 f4 25. Kg2 Ng4 26. exf4 gxf4 27. Nf3 Qf7
28. Qe2 Rb7 29. Rc3 fxg3 30. hxg3 c5 31. Rh1 Qf5 32. Bc1 cxd4 33. Rd3 Qe4 34.
Qd1 Ne5 35. Rxd4 Qxf3+ 36. Qxf3 Nxf3 37. Rxd5 Rxb3 38. Rxa5 Ne5 39. Rd5 Rd3 40.
Rd1 Rxd1 41. Rxd1 Nc4 42. Rd5 Ra8 43. Rd3 Ra6 0-1

[Event "29. Abierto Ciudad de Sevilla"]
[Site "Sevilla ESP"]
[Date "2004.01.15"]
[Round "7.17"]
[White "Van der Weide, Karel"]
[Black "Camacho Calle, Pedro"]
[Result "1-0"]
[WhiteElo "2436"]
[BlackElo "2180"]
[PlyCount "59"]
[EventDate "2004.01.09"]
[EventType "swiss"]
[EventRounds "9"]
[EventCountry "ESP"]
[Source "lmi"]
[SourceDate "2004.01.17"]

1. e4 c5 2. Nf3 e6 3. d4 cxd4 4. Nxd4 Nf6 5. Nc3 Nc6 6. Ndb5 Bb4 7. a3 Bxc3+ 8.
Nxc3 d5 9. exd5 exd5 10. Bd3 O-O 11. O-O Bg4 12. f3 Be6 13. Qe1 d4 14. Ne4 Nxe4
15. Qxe4 g6 16. Qf4 Re8 17. b4 a6 18. Bb2 Qb6 19. Rae1 Bd5 20. Qd6 Rxe1 21.
Rxe1 Qd8 22. Qf4 Ba2 23. c3 dxc3 24. Bxc3 b5 25. Be4 Rc8 26. Bf5 Qb6+ 27. Kh1
Rd8 28. Bb1 Be6 29. Qf6 Nd4 30. Rd1 1-0

[Event "29. Abierto Ciudad de Sevilla"]
[Site "Sevilla ESP"]
[Date "2004.01.15"]
[Round "7.18"]
[White "Peña Dieguez, Manuel"]
[Black "Fernandez Romero, Ernesto"]
[Result "0-1"]
[WhiteElo "2093"]
[BlackElo "2425"]
[PlyCount "78"]
[EventDate "2004.01.09"]
[EventType "swiss"]
[EventRounds "9"]
[EventCountry "ESP"]
[Source "lmi"]
[SourceDate "2004.01.17"]

1. e4 e6 2. d4 d5 3. Nc3 Bb4 4. exd5 exd5 5. Qf3 Nc6 6. Bb5 Nge7 7. Nge2 Bf5 8.
Bd3 Qd7 9. Bxf5 Nxf5 10. Qd3 O-O-O 11. O-O Rhe8 12. Bd2 Bxc3 13. Bxc3 h6 14. b4
Nd6 15. b5 Ne7 16. a4 Nc4 17. Rab1 Qf5 18. Qxf5+ Nxf5 19. Rfe1 Re4 20. Ng3 Nxg3
21. hxg3 Rde8 22. Rxe4 Rxe4 23. Kf1 Re6 24. Bb4 h5 25. Rd1 g6 26. Rd3 a6 27.
Rf3 f5 28. Rb3 axb5 29. axb5 Kd7 30. Rb1 Re4 31. Rd1 Nb6 32. f3 Re8 33. Ra1 Nc4
34. Kf2 Ne3 35. Ra2 Re6 36. Bc5 Nd1+ 37. Kf1 Nc3 38. Rb2 b6 39. Ba3 Ne2 0-1

[Event "29. Abierto Ciudad de Sevilla"]
[Site "Sevilla ESP"]
[Date "2004.01.15"]
[Round "7.19"]
[White "Barrientos Chavarriaga, Sergio"]
[Black "Palma Macias, Alberto"]
[Result "1-0"]
[WhiteElo "2425"]
[BlackElo "2149"]
[PlyCount "85"]
[EventDate "2004.01.09"]
[EventType "swiss"]
[EventRounds "9"]
[EventCountry "ESP"]
[Source "lmi"]
[SourceDate "2004.01.17"]

1. e4 c5 2. Nf3 Nc6 3. Bb5 g6 4. O-O Bg7 5. Re1 Nf6 6. Nc3 O-O 7. e5 Ne8 8. d3
Nc7 9. Bc4 b6 10. Bg5 Bb7 11. Nd5 h6 12. Bh4 b5 13. Bb3 Ne6 14. c3 Re8 15. a4
a6 16. d4 Na5 17. axb5 axb5 18. dxc5 Nxb3 19. Qxb3 Nxc5 20. Qxb5 Rxa1 21. Rxa1
Bxd5 22. Qxc5 Bxf3 23. gxf3 Qb8 24. Rd1 Bxe5 25. Rxd7 Bxh2+ 26. Kg2 Bd6 27. Qc6
g5 28. Rb7 Qd8 29. Bg3 Bxg3 30. fxg3 Qd2+ 31. Kh3 Rf8 32. Rxe7 Qc1 33. Kg4 Qxb2
34. Qf6 Qc2 35. Re4 Qh2 36. f4 h5+ 37. Kxg5 Qxg3+ 38. Kh6 Rc8 39. f5 Qg2 40. c4
Qd2+ 41. Kxh5 Qh2+ 42. Rh4 Qc7 43. Qh6 1-0

[Event "29. Abierto Ciudad de Sevilla"]
[Site "Sevilla ESP"]
[Date "2004.01.15"]
[Round "7.20"]
[White "Speck, Nick"]
[Black "Perez Garcia , Roberto"]
[Result "1-0"]
[WhiteElo "2381"]
[BlackElo "2145"]
[PlyCount "137"]
[EventDate "2004.01.09"]
[EventType "swiss"]
[EventRounds "9"]
[EventCountry "ESP"]
[Source "lmi"]
[SourceDate "2004.01.17"]

1. e4 c5 2. Nc3 Nc6 3. g3 g6 4. Bg2 Bg7 5. d3 d6 6. Be3 Nh6 7. h3 f5 8. Qd2 Nf7
9. Nge2 Nd4 10. O-O O-O 11. f4 Rb8 12. Nd1 Nxe2+ 13. Qxe2 b5 14. a3 a5 15. Rb1
b4 16. axb4 axb4 17. Nf2 Qb6 18. g4 e6 19. Kh2 Bd7 20. Nh1 fxe4 21. Bxe4 d5 22.
Bg2 Rbe8 23. Qf2 d4 24. Bd2 Nd6 25. Ng3 e5 26. Bd5+ Kh8 27. Qg2 Qd8 28. Rf2 Qh4
29. f5 gxf5 30. gxf5 Nxf5 31. Nxf5 Rxf5 32. Rxf5 Bxf5 33. Bf7 Rf8 34. Bg5 Qxh3+
35. Qxh3 Bxh3 36. Bd5 Bd7 37. Ra1 Bf6 38. Bh6 Bg7 39. Bxg7+ Kxg7 40. Ra7 Rf2+
41. Kg3 Rxc2 42. Rxd7+ Kf6 43. b3 Rc3 44. Bc4 e4 45. Rxh7 exd3 46. Kf2 Ke5 47.
Rh4 Kf5 48. Ke1 Kg5 49. Re4 Kf5 50. Re8 Kf4 51. Kd2 Kf3 52. Re5 Kf4 53. Rxc5
Ke4 54. Bd5+ Ke5 55. Rb5 Rc2+ 56. Kxd3 Rc3+ 57. Kd2 Rg3 58. Bb7+ Kd6 59. Bd5
Ke5 60. Bc4+ Ke4 61. Rxb4 Rg2+ 62. Be2 Rg3 63. Rb8 Kd5 64. Bc4+ Ke4 65. Re8+
Kf4 66. Rf8+ Ke5 67. Re8+ Kf4 68. Bd3 Rg2+ 69. Be2 1-0

[Event "29. Abierto Ciudad de Sevilla"]
[Site "Sevilla ESP"]
[Date "2004.01.15"]
[Round "7.21"]
[White "Almagro Mazariegos, Sebastian"]
[Black "Lopez Gonzalez, Daniel"]
[Result "1/2-1/2"]
[WhiteElo "2326"]
[BlackElo "2113"]
[PlyCount "69"]
[EventDate "2004.01.09"]
[EventType "swiss"]
[EventRounds "9"]
[EventCountry "ESP"]
[Source "lmi"]
[SourceDate "2004.01.17"]

1. Nf3 Nf6 2. c4 e6 3. Nc3 Bb4 4. Qc2 O-O 5. a3 Bxc3 6. Qxc3 b6 7. g3 Bb7 8.
Bg2 d6 9. O-O Nbd7 10. b4 c5 11. Bb2 e5 12. Rfd1 Re8 13. Nxe5 Bxg2 14. Nxd7
Qxd7 15. Kxg2 Rxe2 16. Qf3 Rae8 17. Bxf6 gxf6 18. d4 Qe6 19. dxc5 dxc5 20. bxc5
bxc5 21. Rd5 Qe4 22. Qxe4 R8xe4 23. Kf3 Re5 24. Rxe5 Rxe5 25. Rb1 Re6 26. Rb5
Ra6 27. Rxc5 Rxa3+ 28. Ke4 a5 29. Rf5 Kg7 30. c5 a4 31. Kd4 Ra1 32. Kc3 Rb1 33.
Rd5 a3 34. Rd2 Rb5 35. Kc4 1/2-1/2

[Event "29. Abierto Ciudad de Sevilla"]
[Site "Sevilla ESP"]
[Date "2004.01.15"]
[Round "7.22"]
[White "Montero Campuzano, Rafael"]
[Black "Llorente Galardy, Jorge"]
[Result "0-1"]
[WhiteElo "2112"]
[BlackElo "2295"]
[PlyCount "84"]
[EventDate "2004.01.09"]
[EventType "swiss"]
[EventRounds "9"]
[EventCountry "ESP"]
[Source "lmi"]
[SourceDate "2004.01.17"]

1. e4 e6 2. d4 d5 3. Nc3 Bb4 4. e5 Ne7 5. Nf3 c5 6. a3 Bxc3+ 7. bxc3 b6 8. Be3
Qc7 9. Bd3 Ba6 10. Bxa6 Nxa6 11. O-O h6 12. Qb1 Nb8 13. a4 cxd4 14. cxd4 Nbc6
15. Rc1 O-O 16. c4 dxc4 17. Rxc4 Qd8 18. Qc1 Na5 19. Rc3 Nd5 20. Rd3 Rc8 21.
Qa3 Qd7 22. Bd2 Nc4 23. Qb3 Rc7 24. Bb4 Rfc8 25. Rdd1 Nxb4 26. Qxb4 Na5 27. Nd2
Qd5 28. Rdb1 Nc6 29. Qc4 Qxd4 30. Qxd4 Nxd4 31. g3 Rc2 32. Nb3 Nf3+ 33. Kg2
Nxe5 34. a5 Nd3 35. Rf1 Rb2 36. Nd4 e5 37. Nf5 Rcc2 38. axb6 Rxf2+ 39. Rxf2
Rxf2+ 40. Kg1 axb6 41. Ne7+ Kh7 42. Rd1 Rf3 0-1

[Event "29. Abierto Ciudad de Sevilla"]
[Site "Sevilla ESP"]
[Date "2004.01.16"]
[Round "8.1"]
[White "Korneev, Oleg"]
[Black "Spraggett, Kevin"]
[Result "1/2-1/2"]
[WhiteElo "2566"]
[BlackElo "2536"]
[PlyCount "76"]
[EventDate "2004.01.09"]
[EventType "swiss"]
[EventRounds "9"]
[EventCountry "ESP"]
[Source "lmi"]
[SourceDate "2004.01.17"]

1. e4 c5 2. Nf3 d6 3. d4 cxd4 4. Nxd4 Nf6 5. Nc3 Nc6 6. Bg5 e6 7. Qd2 a6 8.
O-O-O Bd7 9. f3 Be7 10. h4 Rc8 11. Kb1 h6 12. Be3 h5 13. Nxc6 Bxc6 14. Bf4 d5
15. e5 Nd7 16. Ne2 Bb5 17. Nd4 Bxf1 18. Rdxf1 Nb8 19. Bg5 Nc6 20. Nxc6 Rxc6 21.
g4 g6 22. b3 Qc7 23. Bf6 Bxf6 24. exf6 b5 25. Rh2 Kd7 26. Re1 Kc8 27. g5 Kb7
28. f4 Rc8 29. Rg2 Qb6 30. f5 gxf5 31. g6 fxg6 32. Rxg6 Rxc2 33. Qxc2 Rxc2 34.
Kxc2 Qf2+ 35. Kd1 Qd4+ 36. Kc2 Qf2+ 37. Kd1 Qd4+ 38. Kc2 Qf2+ 1/2-1/2

[Event "29. Abierto Ciudad de Sevilla"]
[Site "Sevilla ESP"]
[Date "2004.01.16"]
[Round "8.2"]
[White "Campora, Daniel Hugo"]
[Black "Franco Ocampos, Zenon"]
[Result "1/2-1/2"]
[WhiteElo "2503"]
[BlackElo "2524"]
[PlyCount "25"]
[EventDate "2004.01.09"]
[EventType "swiss"]
[EventRounds "9"]
[EventCountry "ESP"]
[Source "lmi"]
[SourceDate "2004.01.17"]

1. Nf3 Nf6 2. g3 g6 3. Bg2 Bg7 4. c4 d6 5. Nc3 e5 6. d3 Nc6 7. a3 a5 8. Rb1 Bf5
9. e4 Bg4 10. h3 Bxf3 11. Qxf3 Nd7 12. Qd1 Nc5 13. b4 1/2-1/2

[Event "29. Abierto Ciudad de Sevilla"]
[Site "Sevilla ESP"]
[Date "2004.01.16"]
[Round "8.3"]
[White "Veingold, Aleksandr"]
[Black "Epishin, Vladimir"]
[Result "0-1"]
[WhiteElo "2478"]
[BlackElo "2633"]
[PlyCount "66"]
[EventDate "2004.01.09"]
[EventType "swiss"]
[EventRounds "9"]
[EventCountry "ESP"]
[Source "lmi"]
[SourceDate "2004.01.17"]

1. d4 Nf6 2. Nf3 d5 3. c4 c6 4. Nc3 a6 5. c5 Bg4 6. Ne5 Bf5 7. Qb3 Ra7 8. f3 g6
9. g4 Be6 10. Bf4 Bg7 11. e3 h5 12. g5 Nfd7 13. Nd3 O-O 14. Be2 b6 15. cxb6
Nxb6 16. Nc5 N8d7 17. Nxe6 fxe6 18. Bg3 c5 19. dxc5 Nxc5 20. Qc2 Rf5 21. h4 Rd7
22. Rd1 Nc4 23. Bxc4 dxc4 24. Rxd7 Qxd7 25. O-O Qd3 26. Qc1 Bxc3 27. bxc3 e5
28. Kg2 e4 29. fxe4 Qe2+ 30. Kg1 Rxf1+ 31. Qxf1 Qxf1+ 32. Kxf1 Nxe4 33. Be1 Kf7
0-1

[Event "29. Abierto Ciudad de Sevilla"]
[Site "Sevilla ESP"]
[Date "2004.01.16"]
[Round "8.4"]
[White "Tissir, Mohamed"]
[Black "Mirzoev, Azer"]
[Result "1/2-1/2"]
[WhiteElo "2436"]
[BlackElo "2551"]
[PlyCount "64"]
[EventDate "2004.01.09"]
[EventType "swiss"]
[EventRounds "9"]
[EventCountry "ESP"]
[Source "lmi"]
[SourceDate "2004.01.17"]

1. e4 c5 2. Nc3 Nc6 3. Bb5 g6 4. Bxc6 bxc6 5. d3 Bg7 6. Nge2 d6 7. Be3 Nh6 8.
h3 f5 9. Qd2 Nf7 10. exf5 Bxf5 11. O-O O-O 12. Rab1 Qd7 13. a3 Rae8 14. f4 e5
15. Ng3 exf4 16. Bxf4 Be6 17. Nce4 Qd8 18. Ng5 Nxg5 19. Bxg5 Qd7 20. Bh6 Bd5
21. c4 Be6 22. Bxg7 Qxg7 23. Qc3 Rxf1+ 24. Rxf1 d5 25. cxd5 Bxd5 26. Qxc5 Qxb2
27. Ne4 Bxe4 28. dxe4 Qb6 29. Qxb6 axb6 30. Rf6 Rxe4 31. Rxc6 Re3 32. Rxb6 Rxa3
1/2-1/2